Index herbariorum Reipublicae bohemicae et Reipublicae slovacae

Bibliographic Details
Other Authors: Vozárová, Marta (Compiler), Sutorý, Karel (Compiler)
Format: Book
Language:Slovak
Published: Bratislava Praha Slovenská botanická spoločnosť pri SAV Česká botanická společnosť 2001
Series:Bulletin Slovenskej botanickej spoločnosti pri SAV. Suplement
Zprávy České botanické společnosti
Subjects:

MARC

LEADER 00000nam a2200000 a 4500
001 vtls001417808
003 SK-MaSNL
005 20260302035225.0
008 251029s2001 xo r slo
015 |a SNBA2002/04-01524 
020 |a 8096801368 
035 |a SNK000372597 
035 |a urn:nbn:sk:snk-amkn5y 
035 |a urn:nbn:sk:snk-am003pc2 
035 |a 6A5657BC-0FFD-4F67-B8D1-651AFDC42BC8 
040 |a SNK  |b slo  |c SNK  |e AACR2 
041 0 |a slo 
044 |a xo  |c SK 
080 |a 018.1(437.6+437.1/.2):582=854=850  |2 1981 
080 |a 582=854=850  |2 1981 
245 0 0 |a Index herbariorum Reipublicae bohemicae et Reipublicae slovacae  |c zostavili: Marta Vozárová a Karel Sutorý 
260 |a Bratislava  |b Slovenská botanická spoločnosť pri SAV  |a Praha  |b Česká botanická společnosť  |c 2001 
300 |a 95 s.  |c 21 cm 
490 1 |a Bulletin Slovenskej botanickej spoločnosti pri SAV. Suplement  |v roč. 23  |v č. 7 
490 1 |a Zprávy České botanické společnosti  |v roč. 36  |v příl. 2001/1 
500 |a Čiast. text čes. a angl. 
500 |a 600 výt. 
504 |a Reg. mien 
650 0 7 |a herbáre botanické  |z Česko  |z Slovensko  |x súpisy  |x indexy  |2 SNK  |9 687843 
650 0 7 |a botanika  |x herbáre  |z Česko  |z Slovensko  |x súpisy  |x indexy  |2 SNK  |9 687844 
655 7 |a príručky  |2 SNK  |9 74364 
700 1 |a Vozárová, Marta  |4 com  |9 412505 
700 1 |a Sutorý, Karel  |4 com  |9 687845 
830 0 |a Bulletin Slovenskej botanickej spoločnosti pri SAV. Suplement  |9 462668 
830 0 |a Zprávy České botanické společnosti  |9 462669 
919 |a 80-968013-6-8 
958 |a OND 
958 |a TL 
999 |c 1069763  |d 1071693 
952 |t P60, <03>, [BOOK], {603}  |a SNK  |b SNK  |y PREZ  |7 0  |p 17A0324586  |o snkSC 106719  |i snkKSP 13545/2001  |0 0  |1 0  |4 0  |d 2001-11-30  |f 1  |l 0  |r 2025-09-26 00:00:00  |w 2026-02-24